[Event "CRO Cup 17th"]
[Site "Sibenik"]
[Date "2008.05.25"]
[Round "5"]
[White "Sermek, Drazen"]
[Black "Kurajica, Bojan"]
[Result "1/2-1/2"]
[WhiteElo "2510"]
[BlackElo "2533"]
[PlyCount "21"]
[EventDate "2008.05.21"]
[EventType "swiss"]
[EventRounds "5"]
[EventCountry "CRO"]
[SourceTitle "CBM 124 Extra"]
[Source "ChessBase"]
[SourceDate "2008.07.03"]
[SourceVersion "1"]
[SourceVersionDate "2008.07.03"]
[SourceQuality "1"]

1. e4 e5 2. Nf3 Nf6 3. Nxe5 d6 4. Nf3 Nxe4 5. Qe2 Qe7 6. d3 Nf6 7. Bg5 Nbd7 8. Nc3 Qxe2+ 9. Bxe2 h6 10. Bd2 Be7 11. 0-0 1/2-1/2

[Event "CRO Cup 17th"]
[Site "Sibenik"]
[Date "2008.05.24"]
[Round "4"]
[White "Cebalo, Miso"]
[Black "Sermek, Drazen"]
[Result "1-0"]
[WhiteElo "2520"]
[BlackElo "2510"]
[PlyCount "61"]
[EventDate "2008.05.21"]
[EventType "swiss"]
[EventRounds "5"]
[EventCountry "CRO"]
[SourceTitle "CBM 124 Extra"]
[Source "ChessBase"]
[SourceDate "2008.07.03"]
[SourceVersion "1"]
[SourceVersionDate "2008.07.03"]
[SourceQuality "1"]

1. d4 d5 2. c4 dxc4 3. Nf3 c5 4. d5 e6 5. Nc3 Nf6 6. e4 exd5 7. e5 Ne4 8. Qxd5 Nxc3 9. Qxd8+ Kxd8 10. bxc3 Be6 11. Ng5 Nd7 12. Bf4 Nb6 13. 0-0-0+ Kc7 14. Nxf7 Bxf7 15. e6+ Kc6 16. exf7 Be7 17. Be2 Raf8 18. Bh5 Rxf7 19. Bxf7 Rf8 20. Rhe1 Rxf7 21. Re6+ Kb5 22. Be3 Bf6 23. Kc2 Na4 24. Bd2 Ka5 25. Be1 b6 26. f4 Ka6 27. g4 g6 28. Rd5 Kb7 29. f5 Bh8 30. Rd8 Bf6 31. Rdd6 1-0

[Event "CRO-chT 16th"]
[Site "Sibenik"]
[Date "2007.05.20"]
[Round "4"]
[White "Jankovic, Alojzije"]
[Black "Sermek, Drazen"]
[Result "1/2-1/2"]
[WhiteElo "2541"]
[BlackElo "2523"]
[PlyCount "90"]
[EventDate "2007.05.17"]
[EventType "team"]
[EventRounds "5"]
[EventCountry "CRO"]
[SourceTitle "CBM 118 Extra"]
[Source "ChessBase"]
[SourceDate "2007.07.04"]
[SourceVersion "1"]
[SourceVersionDate "2007.07.04"]
[SourceQuality "1"]

1. d4 d5 2. c4 dxc4 3. e4 c5 4. d5 Nf6 5. Nc3 b5 6. Bf4 Qa5 7. Bd2 Nbd7 8. f4 b4 9. e5 bxc3 10. Bxc3 Qc7 11. exf6 Nxf6 12. Bxc4 Qxf4 13. Bb5+ Bd7 14. Bxd7+ Nxd7 15. Ne2 Qh4+ 16. Ng3 Qc4 17. Qf3 Nb6 18. Rd1 f6 19. Ne4 0-0-0 20. b3 Qb5 21. a4 Qxb3 22. Qh3+ e6 23. Qxe6+ Kb8 24. a5 Nxd5 25. 0-0 Qb7 26. Rf5 Be7 27. Rfxd5 Rxd5 28. Qxd5 Qxd5 29. Rxd5 Kc7 30. Kf2 Kc6 31. Rd1 Rb8 32. Nd2 Bd6 33. h3 Bc7 34. Ke2 Re8+ 35. Kd3 f5 36. Nc4 Rd8+ 37. Kc2 Rxd1 38. Kxd1 Kb5 39. Ne3 g6 40. Nd5 Bxa5 41. Kc2 Kc6 42. Nf6 Bxc3 43. Kxc3 h6 44. Ng8 Kd6 45. Nxh6 Ke6 1/2-1/2

[Event "CRO-chT 16th"]
[Site "Sibenik"]
[Date "2007.05.18"]
[Round "2"]
[White "Sermek, Drazen"]
[Black "Ramesa, Davor"]
[Result "1/2-1/2"]
[WhiteElo "2523"]
[BlackElo "2265"]
[PlyCount "93"]
[EventDate "2007.05.17"]
[EventType "team"]
[EventRounds "5"]
[EventCountry "CRO"]
[SourceTitle "CBM 118 Extra"]
[Source "ChessBase"]
[SourceDate "2007.07.04"]
[SourceVersion "1"]
[SourceVersionDate "2007.07.04"]
[SourceQuality "1"]

1. e4 c5 2. c3 Nf6 3. e5 Nd5 4. Nf3 e6 5. d4 cxd4 6. cxd4 d6 7. Bc4 Nb6 8. Bd3 dxe5 9. dxe5 N8d7 10. Qc2 Nd5 11. a3 Nc5 12. Bc4 Nb6 13. Be2 Bd7 14. Nc3 Rc8 15. Bg5 Be7 16. Bxe7 Qxe7 17. Nb5 Bxb5 18. Bxb5+ Ncd7 19. Qe2 0-0 20. 0-0 Nd5 21. Rac1 a6 22. Bc4 N7b6 23. Bb3 Rc7 24. Qd2 Rfc8 25. Ng5 h6 26. Ne4 Qh4 27. Nd6 Rxc1 28. Rxc1 Rxc1+ 29. Qxc1 Qd4 30. g3 Qxe5 31. Nxb7 Qd4 32. Na5 Nf6 33. Nc6 Qd6 34. Bd1 Ne4 35. Be2 Na4 36. Bxa6 Qc5 37. Qxc5 Nexc5 38. Bb5 Nxb2 39. Kf1 Ne4 40. Ke1 Kf8 41. Nb4 Nd6 42. Bc6 Ke7 43. a4 Kd8 44. Kd2 Kc7 45. Kc2 Nbc4 46. Bf3 Ne5 47. Be2 1/2-1/2